[Event "Sivakasi op 4th"]
[Site "Sivakasi"]
[Date "2018.04.21"]
[Round "1"]
[White "Shyam, Nikil P"]
[Black "Aravind, A."]
[Result "1-0"]
[WhiteElo "2385"]
[BlackElo "1158"]
[PlyCount "65"]
[EventDate "2018.04.21"]
[EventType "swiss"]
[EventRounds "8"]
[EventCountry "IND"]
[SourceTitle "CBM 184 Extra"]
[Source "ChessBase"]
[SourceDate "2018.06.28"]
[SourceVersion "1"]
[SourceVersionDate "2018.06.28"]
[SourceQuality "1"]

1. Nf3 Nc6 2. d4 d5 3. c4 e6 4. Nc3 Nf6 5. Bg5 Be7 6. e3 b6 7. Bxf6 Bxf6 8. cxd5 exd5 9. Bb5 Bb7 10. Qa4 Qd7 11. Ba6 Bxa6 12. Qxa6 Nb4 13. Qe2 0-0 14. a3 Nc6 15. 0-0 Rfe8 16. Qb5 a6 17. Qxd5 Qxd5 18. Nxd5 Bd8 19. Rac1 Re6 20. Rfd1 Rc8 21. Kf1 Bf6 22. b4 Kf8 23. Rc2 b5 24. Rdc1 Ne7 25. Nxc7 Rd6 26. Ne6+ fxe6 27. Rxc8+ Nxc8 28. Rxc8+ Kf7 29. g4 h6 30. h4 Rd5 31. g5 hxg5 32. hxg5 Bxg5 33. e4 1-0